|
|
|
|
| LEADER |
02868cam a2200697 i 4500 |
| 001 |
nkc20213277774 |
| 003 |
CZ PrNK |
| 005 |
20211004084414.0 |
| 007 |
ta |
| 008 |
201123s2020 xr e 101 0 cze d |
| 015 |
|
|
|a cnb003277774
|
| 020 |
|
|
|a 978-80-7465-417-6
|q (brožováno)
|
| 035 |
|
|
|a (OCoLC)1240907770
|
| 040 |
|
|
|a KLG001
|b cze
|d ABA001
|e rda
|
| 041 |
1 |
|
|a cze
|a slo
|b eng
|h fre
|
| 045 |
|
|
|a x-x-
|
| 072 |
|
7 |
|a 101
|x Filozofie
|2 Konspekt
|9 5
|
| 080 |
|
|
|a 14(44)
|2 MRF
|
| 080 |
|
|
|a 165
|2 MRF
|
| 080 |
|
|
|a 165.745
|2 MRF
|
| 080 |
|
|
|a 57/59:1
|2 MRF
|
| 080 |
|
|
|a 61:1
|2 MRF
|
| 080 |
|
|
|a 1:001
|2 MRF
|
| 080 |
|
|
|a (062.534)
|2 MRF
|
| 111 |
2 |
|
|a Georges Canguilhem a myšlení živého (konference)
|d (2014 :
|c Praha, Česko)
|7 ko20211099297
|4 aut
|
| 245 |
1 |
0 |
|a Georges Canguilhem a myšlení živého /
|c Jan Lockenbauer, Šimon Grimmich, Lucie Šarkadyová (eds.)
|
| 264 |
|
1 |
|a Červený Kostelec :
|b Pavel Mervart,
|c 2020
|
| 300 |
|
|
|a 215 stran ;
|c 21 cm
|
| 336 |
|
|
|a text
|b txt
|2 rdacontent
|
| 337 |
|
|
|a bez média
|b n
|2 rdamedia
|
| 338 |
|
|
|a svazek
|b nc
|2 rdacarrier
|
| 500 |
|
|
|a Částečně přeloženo z francouzštiny
|
| 500 |
|
|
|a Sborník vybraných příspěvků ze stejnojmenné mezinárodní konference pořádané ve dnech 24.-25.11.2014 v Praze Ústavem filosofie a religionistiky FF UK a Archivem Jana Patočky, FLÚ AV ČR
|
| 504 |
|
|
|a Obsahuje bibliografie, bibliografické odkazy a rejstřík
|
| 546 |
|
|
|a Částečně slovenský text, anglické resumé
|
| 600 |
1 |
7 |
|a Canguilhem, Georges,
|d 1904-1995
|7 mzk2009512791
|2 czenas
|
| 648 |
|
7 |
|a 20. století
|7 ch460558
|2 czenas
|
| 650 |
0 |
7 |
|a francouzská filozofie
|7 ph120359
|y 20. století
|2 czenas
|
| 650 |
0 |
7 |
|a teorie poznání
|7 ph116428
|2 czenas
|
| 650 |
0 |
7 |
|a filozofie života
|7 ph120231
|2 czenas
|
| 650 |
0 |
7 |
|a filozofie biologie
|7 ph685001
|2 czenas
|
| 650 |
0 |
7 |
|a filozofie medicíny
|7 ph191238
|2 czenas
|
| 650 |
0 |
7 |
|a filozofie a věda
|7 ph114542
|2 czenas
|
| 650 |
0 |
9 |
|a French philosophy
|y 20th century
|2 eczenas
|
| 650 |
0 |
9 |
|a theory of knowledge
|2 eczenas
|
| 650 |
0 |
9 |
|a philosophy of life
|2 eczenas
|
| 650 |
0 |
9 |
|a philosophy of biology
|2 eczenas
|
| 650 |
0 |
9 |
|a philosophy of medicine
|2 eczenas
|
| 650 |
0 |
9 |
|a philosophy and science
|2 eczenas
|
| 655 |
|
7 |
|a sborníky konferencí
|7 fd133333
|2 czenas
|
| 655 |
|
9 |
|a proceedings of conferences
|2 eczenas
|
| 700 |
1 |
|
|a Lockenbauer, Jan
|7 hka2017956294
|4 edt
|4 trl
|
| 700 |
1 |
|
|a Grimmich, Šimon,
|d 1987-
|7 xx0192792
|4 edt
|4 trl
|
| 700 |
1 |
|
|a Alalu, Lucie,
|d 1987-
|7 xx0214075
|4 edt
|4 trl
|
| 710 |
2 |
|
|a Univerzita Karlova.
|b Ústav filozofie a religionistiky
|7 mzk2003202012
|4 orm
|
| 710 |
2 |
|
|a Archiv Jana Patočky
|7 kn20071207001
|4 orm
|
| 910 |
2 |
|
|a BOA001
|b 2-1474.236
|
| 920 |
|
|
|a 1309585
|z KLG001
|
| 990 |
|
|
|a BK
|
| 995 |
|
|
|a 01
|
| 996 |
6 |
|
|b 2610881318
|c 2-1474.236
|l MZK
|r Sklad / do 1 hodiny
|n 0
|p p.v.
|w 001865303
|u 000010
|a 1
|e BOA001
|j MZK50
|s P
|